Cochon - Culture Générale - Statistiques

Statistiques générales
  • Ce quiz a été pris 2 358 fois
  • Le résultat moyen est 14 sur 20
Statistiques - réponses
Question Réponse % Correct
Dans les trois petits cochons, que fait le loup pour détruire la maison de paille et celle de bois? Il souffle
95%
Quel sport se joue avec un cochonnet? Pétanque
95%
Terme désignant la femelle du cochon Truie
95%
Morceau de porc servi dans un petit-déjeuner anglais typique Bacon
94%
Religion dans laquelle la consommation du porc est considérée haram Islam
92%
Le cochon est utilisé pour son odorat dans la recherche de ce champignon Truffe
88%
Dans cette série télévisée, la protagoniste vit avec maman, papa et son petit frère George et aime bien se jeter sur le dos dans la boue en riant Peppa Pig
83%
Le cochon est issu de la domestication de cet animal Sanglier
83%
Petit cochon timide et craintif, ami de Winnie l'ourson Porcinet
79%
Contrairement à ce que l'on pourrait croire, les organes du cochon sont très similaires à ceux de cet animal (transplantation d'organes possible!) L'humain
77%
Quel aliment est-il commun de retrouver dans la bouche d'un cochon lorsqu'on le cuit en entier? Une pomme
73%
Marque française de saucisson, partenaire du Tour de France depuis 1999 Cochonou
71%
Pays où le jambon fait partie intégrante de la cuisine et de la culture Espagne
67%
Pays où on retrouve la moitié des cochons de la planète Chine
65%
Dans quel univers fictif est-il commun d'apercevoir des cochons verts et des lance-pierres? Angry Birds
58%
Dans quel pays a eu lieu le débarquement de la baie des cochons en 1961? Cuba
55%
Gâcher quelque chose en le donnant à quelqu'un qui n'en tirera pas profit c'est comme donner de la ______ aux cochons Confiture
48%
Le cochon devenu berger Babe
30%
Peau raclée du cochon qui est utilisée, entre autres, dans la préparation du cassoulet Couenne
26%
Quel groupe rock sort un album en 1977 qui commence et se termine par la chanson Pigs on the Wing? Pink Floyd
20%
Aucun quiz correspondant
Distribution des résultats
% des personnes avec chaque résultat
Percentile par nombre de réponses
Votre historique - résultats
Vous n’avez pas pris ce quiz